[Event "BCF-chT3 0809 (4NCL)"]
[Site "Hinckley Island"]
[Date "2009.05.03"]
[Round "10.3"]
[White "Cranmer, Stanley"]
[Black "Jones, Michael G"]
[Result "1-0"]
[WhiteElo "1890"]
[BlackElo "1835"]
[PlyCount "143"]
[EventDate "2008.10.18"]
[EventType "team-swiss"]
[EventRounds "11"]
[EventCountry "ENG"]
[SourceTitle "EXT 2010"]
[Source "ChessBase"]
[SourceDate "2010.11.25"]
[SourceVersion "1"]
[SourceVersionDate "2010.11.25"]
[SourceQuality "1"]
[WhiteTeam "Nottinghamshire II"]
[BlackTeam "Leicester III"]
[WhiteTeamCountry "ENG"]
[BlackTeamCountry "ENG"]

1. d4 Nf6 2. e3 e6 3. Bd3 d5 4. Nd2 c5 5. c3 c4 6. Bc2 b5 7. a3 Bb7 8. f4 Bd6 9. Ngf3 h6 10. 0-0 0-0 11. Ne5 Nbd7 12. Qf3 a5 13. e4 dxe4 14. Nxe4 Nxe4 15. Bxe4 Bxe4 16. Qxe4 Nxe5 17. fxe5 Be7 18. Qg4 Bg5 19. Rf3 Bxc1 20. Rxc1 Qg5 21. Qxg5 hxg5 22. Rg3 f6 23. exf6 gxf6 24. h4 Kf7 25. hxg5 Rg8 26. Rf1 f5 27. d5 exd5 28. Rxf5+ Ke6 29. Rf6+ Kd7 30. g6 Ke7 31. Rf7+ Kd6 32. Kf2 Raf8 33. Rgf3 Re8 34. g7 Re7 35. Rxe7 Kxe7 36. Rg3 Kf7 37. Kf3 d4 38. cxd4 b4 39. axb4 axb4 40. Ke4 Re8+ 41. Kd5 c3 42. bxc3 b3 43. Rf3+ Kxg7 44. Rf2 Rc8 45. c4 Rb8 46. Rb2 Rd8+ 47. Ke4 Rb8 48. Kd3 Kf6 49. c5 Ke6 50. Kc4 Rg8 51. Re2+ Kd7 52. Kxb3 Kc6 53. Kc4 Rg4 54. Rf2 Kd7 55. Ra2 Kc6 56. Rd2 Re4 57. Rd3 Rg4 58. g3 Re4 59. Rf3 Rg4 60. Rf4 Rxg3 61. d5+ Kc7 62. Rf7+ Kc8 63. Kb5 Kb8 64. d6 Rg8 65. Kb6 Ka8 66. c6 Rb8+ 67. Kc7 Rc8+ 68. Kd7 Rg8 69. Ke7 Kb8 70. Rf8+ Rxf8 71. Kxf8 Kc8 72. Ke7 1-0

[Event "BCF-chT4 0506 (4NCL)"]
[Site "West Bromwich"]
[Date "2006.03.18"]
[Round "7.5"]
[White "Wragg, Norman A"]
[Black "Jones, Michael G"]
[Result "1/2-1/2"]
[WhiteElo "1845"]
[BlackElo "1652"]
[PlyCount "80"]
[EventDate "2005.11.05"]
[EventType "team"]
[EventRounds "11"]
[EventCountry "ENG"]
[SourceTitle "CBM 109 Extra"]
[Source "ChessBase"]
[SourceDate "2006.01.03"]
[SourceVersion "2"]
[SourceVersionDate "2006.01.03"]
[SourceQuality "1"]
[WhiteTeam "Braille Chess Association"]
[BlackTeam "Pontypridd"]
[WhiteTeamCountry "ENG"]
[BlackTeamCountry "ENG"]

1. e4 e5 2. Nf3 Nc6 3. Bb5 a6 4. Bxc6 dxc6 5. 0-0 Bd6 6. d4 exd4 7. Qxd4 f6 8. Be3 Bd7 9. Nc3 Ne7 10. Qc4 Ng6 11. Rad1 Qe7 12. Rfe1 Be6 13. Qe2 0-0 14. Nd4 Nf4 15. Bxf4 Bxf4 16. Nxe6 Qxe6 17. Qf3 Be5 18. a3 Rfd8 19. Rxd8+ Rxd8 20. Rd1 Rxd1+ 21. Nxd1 Qd6 22. g3 g6 23. Qe2 b5 24. c3 Qe7 25. Kg2 Kg7 26. Qd3 c5 27. Ne3 c6 28. Nc2 Bc7 29. f3 Qd8 30. Qxd8 Bxd8 31. f4 Kf7 32. Kf3 Ke6 33. g4 Bb6 34. h3 Kd6 35. h4 Bd8 36. h5 Be7 37. hxg6 hxg6 38. Ne1 Ke6 39. Nd3 Kd6 40. Ne1 Ke6 1/2-1/2

[Event "BCF-chT4 0304 (4NCL)"]
[Site "West Bromwich "]
[Date "2004.01.24"]
[Round "3.4"]
[White "Jones, Michael G"]
[Black "Webster, Richard J"]
[Result "0-1"]
[WhiteElo "1628"]
[BlackElo "2031"]
[PlyCount "46"]
[EventDate "2003.10.??"]
[EventType "team"]
[EventRounds "11"]
[EventCountry "ENG"]
[SourceTitle "EXT 2005"]
[Source "ChessBase"]
[SourceDate "2004.11.15"]
[SourceVersion "1"]
[SourceVersionDate "2004.11.15"]
[SourceQuality "1"]
[WhiteTeam "Pontypridd"]
[BlackTeam "Nottinghamshire"]
[WhiteTeamCountry "ENG"]
[BlackTeamCountry "ENG"]

1. d4 Nf6 2. c4 e6 3. Nc3 d5 4. Bg5 Be7 5. e3 0-0 6. Bxf6 Bxf6 7. cxd5 exd5 8. Bd3 c6 9. Nge2 Nd7 10. Qc2 h6 11. Ng3 Re8 12. h4 Bxd4 13. Nf5 Bf6 14. 0-0-0 Nc5 15. Be2 Bxf5 16. Qxf5 Bxc3 17. bxc3 Qa5 18. Kb1 Ne4 19. Bd3 Qxc3 20. g4 g6 21. Qf4 Re6 22. Qxh6 c5 23. h5 Rb6+ 0-1